Équipe d'Argentine championne du monde 2022 - Statistiques

Statistiques générales
  • Ce quiz a été pris 115 fois
  • Le résultat moyen est 14 sur 20
Statistiques - réponses
Poste Club Joueur % Correct
Attaquant Inter Miami Lionel Messi
99%
Attaquant Manchester City Julian Àlvarez
89%
Attaquant Juventus Àngel Di María
83%
Gardien de but Aston Villa Emiliano Martínez
83%
Milieu Chelsea Enzo Fernández
82%
Attaquant Inter Milan Lautaro Martinez
82%
Attaquant AS Rome Paulo Dybala
82%
Milieu Atletico Madrid Rodrigo De Paul
76%
Milieu Liverpool Alexis Mac Allister
75%
Défenseur Tottenham Cristian Romero
70%
Défenseur Benfica Nicolas Otamendi
70%
Défenseur Olympique Lyonnais Nicolas Tagliafico
67%
Défenseur Manchester United Lisandro Martínez
66%
Milieu Juventus Leandro Paredes
64%
Attaquant Atletico Madrid Angel Correa
62%
Défenseur Atletico Madrid Nahuel Molina
54%
Défenseur FC Séville Gonzalo Montiel
52%
Milieu FC Séville Marcos Acuña
52%
Milieu FC Séville Papú Gomez
35%
Gardien de but Riverplate Franco Armani
31%
Aucun quiz correspondant
Distribution des résultats
% des personnes avec chaque résultat
Percentile par nombre de réponses
Votre historique - résultats
Vous n’avez pas pris ce quiz